000
00335nam a2200157Ia 4500
003
IT-RoPAU
008
120407s9999 xx 000 0 und d
040
_a
IT-RoPAU
040
_c
IT-RoPAU
100
_a
A. Missenard
245
_a
Alla ricerca dell'uomo
260
_a
Edizioni Paoline
300
_c
cm
490
_v
1
942
_c
BK
999
_c
3253
_d
3253